| 000 | 01225cam a2200337 a 4500 | ||
|---|---|---|---|
| 001 | 3041 | ||
| 003 | FISKH | ||
| 005 | 20240529092517.0 | ||
| 008 | 870813s1988 maua j 000 1 eng | ||
| 010 | _a 87024406 | ||
| 020 | _a0316139955 : | ||
| 040 |
_aDLC _cDLC _dDLC _beng |
||
| 042 | _alcac | ||
| 050 | 0 | 0 |
_aPZ7.C458 _bHi 1988 |
| 082 | 0 | 0 |
_a[E] _219 |
| 100 | 1 |
_aChristopher, Matt, _d1917-1997. |
|
| 245 | 1 | 4 |
_aThe hit-away kid / _cby Matt Christopher ; illustrated by George Ulrich ; Cover by Bert Dodson |
| 250 | _aFirst Scholastic printing, April 1994 | ||
| 260 |
_aNew York : _bScholastic, _c1988 |
||
| 300 |
_a60 pages : _billustrations ; _c20 cm |
||
| 490 | 0 | _aA Springboard book | |
| 505 | _aQ | ||
| 520 | _aBarry McGee, hit-away batter for the Peach Street Mudders, enjoys winning so much that he has a tendency to bend the rules; then the dirty tactics of the pitcher on a rival team give him a new perspective on sports ethics. | ||
| 521 | 8 |
_a660
_bLexile |
|
| 521 | 8 |
_aQ
_bRaz-Plus |
|
| 650 | 1 |
_aBaseball _xFiction. |
|
| 650 | 1 |
_aConduct of life _xFiction. |
|
| 700 | 1 |
_aUlrich, George, _eillustrator |
|
| 906 |
_a7 _bcbc _corignew _d1 _eocip _f19 _gy-gencatlg |
||
| 942 |
_2ddc _cBK _n0 |
||
| 999 |
_c3041 _d3041 |
||